000 01304nam a2200349 i 4500
001 176638
003 SpMaBN
005 20250907063131.0
008 170627s2012 sp d |||| | spa d
020 _a9788487064784
040 _cES-MaACL
080 _a322.24(460)
080 _a348.71(460)
080 _a348.71(8=134)
100 1 _aIlla, Oriol,
_d1973-
_9163273
_eaut
245 1 0 _aInforme Ferrer i Guàrdia :
_banuario de la laicidad 2012 /
_c[redacción, Oriol Illa y Laura Madruga].
246 3 4 _iSubtítulo de cubierta
_aMonográfico laicidad en Iberoamérica
260 _aBarcelona :
_bFundación Ferrer Guardia,
_c2012.
300 _apáginas :
_bgráficos a color ;
_c30 cm.
490 1 _aColección pensament laic i progressista ;
_v13
504 _aBibliografía: páginas 155-159.
650 7 _aLaicismo-
_zEspaña
_9158232
650 4 _aIglesia y Estado-
_zEspaña
_913555
650 7 _aIglesia y Estado-
_zAmérica Latina
_9163274
655 7 _2tgfbne
_9226822
_aAnuarios
700 1 _aMadruga, Laura
_9163275
_eaut
700 1 _aMayor Zaragoza, Federico,
_979415
_d1934-2024
_eclb
852 _aES-MaACL
_jL-31730
_9183408
_cDEPO2
_xEncuadernación rústica
942 _cPERIODICA
999 _c176638
_d176638